Proceedings of Fourth National Conference, American Society for Judicial Settlement of International Disputes (Record no. 122734)
[ view plain ]
| 000 -LEADER | |
|---|---|
| campo de control de longitud fija | 00714nam a2200169 4500 |
| 001 - NÚMERO DE CONTROL | |
| campo de control | 122734 |
| 003 - IDENTIFICADOR DE NÚMERO DE CONTROL | |
| campo de control | ES-MaACL |
| 005 - FECHA Y HORA DE LA ÚLTIMA TRANSACCIÓN | |
| campo de control | 20230906192031.0 |
| 007 - CAMPO FIJO DE DESCRIPCIÓN FÍSICA--INFORMACIÓN GENERAL | |
| campo de control de longitud fija | t| |
| 008 - DATOS DE LONGITUD FIJA--INFORMACIÓN GENERAL | |
| campo de control de longitud fija | 070214s1914 xxu r ||||1| eng d |
| 110 00 - ENTRADA PRINCIPAL--NOMBRE DE ENTIDAD CORPORATIVA | |
| Nombre de entidad corporativa o nombre de jurisdicción como elemento de entrada | American Society for Judicial Settlement of International Disputes. |
| Unidad subordinada | National Conference ( |
| Sede del congreso/Lugar de la reunión | Washington ( |
| Fecha del congreso o de la firma del tratado | 1912. |
| Número del congreso/reunión o número de parte o sección | 4ª) |
| 9 (RLIN) | 1376 |
| 245 10 - MENCIÓN DEL TÍTULO | |
| Título | Proceedings of Fourth National Conference, American Society for Judicial Settlement of International Disputes |
| Resto del título | : December 4-6, 1914?, Washington, D.C. / |
| Mención de responsabilidad, etc. | edited by James Brown Scott. |
| 260 ## - PUBLICACIÓN, DISTRIBUCIÓN, ETC. | |
| Lugar de publicación, distribución, etc. | Baltimore : |
| Nombre del editor, distribuidor, etc. | Williams & Wilkins, |
| Fecha de publicación, distribución, etc. | 1914. |
| 300 ## - DESCRIPCIÓN FÍSICA | |
| Extensión | XI, 432 p. ; |
| Dimensiones | 24 x 17 cm. |
| 700 1# - ENTRADA AGREGADA--NOMBRE PERSONAL | |
| Nombre de persona | Scott, James Brown. |
| 9 (RLIN) | 104950 |
| 852 ## - LOCALIZACIÓN | |
| Ubicación | ES-MaACL |
| Número de control de estantería | F-1281 |
| Estatus retirado | Estado de pérdida | Estado de daño | No para préstamo | Biblioteca de origen | Biblioteca actual | Ubicación en estantería | Fecha de adquisición | Fuente de adquisición | Total de préstamos | Signatura topográfica completa | Código de barras | Visto por última vez | Precio de reemplazo | Tipo de ítem Koha |
|---|---|---|---|---|---|---|---|---|---|---|---|---|---|---|
| Biblioteca del Ateneo de Madrid | Biblioteca del Ateneo de Madrid | Depósito 2 | 17/01/2008 | F-1281 | 1127890 | 23/02/2023 | 23/02/2023 | Libro impreso |
